| 000 | 00616nam a2200205Ia 4500 | ||
|---|---|---|---|
| 003 | GCL | ||
| 008 | 140319s9999 xx 000 0 ara d | ||
| 040 |
_aGCL / _cGCL |
||
| 082 | 0 | 4 |
_a891.7 _bج ق |
| 100 | 1 | _aمحمد بدرخان (مترجم) | |
| 245 | 1 | 0 |
_aقصص من حياة دوستويفسكى / _cمحمد بدرخان (مترجم) |
| 700 | 1 | _aماجد علاءالدين | |
| 700 | 1 | _aجليزنياك . ف | |
| 490 |
_a100 قصة _v0 |
||
| 650 | 0 | 4 | _aالقصص القصيرة |
| 650 | 0 | 4 | _aالادب الروسى |
| 650 | 0 | 4 | _aالقصص |
| 650 | 0 | 4 | _aالادب العالمى |
| 942 |
_2ddc _cBK |
||
| 999 |
_c44187 _d44187 |
||